| 000 | 01417 a2200229 4500 | ||
|---|---|---|---|
| 003 | Nust | ||
| 005 | 20230905094748.0 | ||
| 010 | _a 2005925392 | ||
| 020 | _c3540239510 (hd.bd.) | ||
| 035 | _a(OCoLC)ocm60846252 | ||
| 040 | _cNust | ||
| 082 | 0 | 0 | _a629.8,BUB |
| 100 | 1 |
_aBubnicki, Zdzis?aw. _999306 |
|
| 245 | 1 | 0 |
_aModern control theory / _cZdzislaw Bubnicki. |
| 260 |
_aBerlin ; _aNew York : _bSpringer, _cc2005. |
||
| 300 |
_ax, 423 p. : _b104 fig. ; _c25 cm. |
||
| 505 | _aGeneral Characteristics of Control Systems (Page-1), Formal Models of Control Systems (Page-17), Control for the Given Sate (Page-41), Optimal Control With Complete Information on the Plant (Page-65), Parametric Optimization (Page-97), Application of Relational Description of Uncertainty (Page-117), Application of Probabilistic Description of Uncertainty (Page-143), Uncertain Variables and Their Applications (Page-193), Fuzzy Variables Analogies and Soft Variables (Page-221), Control in Closed Loop Systems Stability (Page-259), Adaptive and Learning Control Systems (Page-299), Intelligent and Complex Control Systems (Page-327), Control of Operation Systems (Page-363). | ||
| 650 | 0 | _aTelecommunication Engineering | |
| 856 | 4 | 1 |
_3Publisher description _uhttp://www.loc.gov/catdir/enhancements/fy0663/2005925392-d.html |
| 856 | 4 | 1 |
_3Table of contents only _uhttp://www.loc.gov/catdir/toc/fy0608/2005925392.html |
| 942 |
_cREF _2ddc |
||
| 999 |
_c178745 _d178745 |
||